00233nam a2200097Ia 4500008004100000041000800041082001500049100001700064245004500081260000900126240625s9999 xx 000 0 und d aeng a336.24 AHU aAHUJA GIRISH aSYSTEMATIC APPROACH TO INCOME TAX SERVIC c2011